000 00375nam a2200157Ia 4500
008 100204s9999 xx 000 0 und d
082 _b27454
100 _aमांडके अलका
245 _aहृदयस्थ
250 _a0
260 _c2004
300 _a212
630 _aहृदयस्थ
730 _aहृदयस्थ
942 _cBOOK
999 _c472635
_d472632